Online Catalogue and eLibrary

Darshanaya handinweemak (Record no. 687)

MARC details
000 -LEADER
fixed length control field 00410nam a2200157Ia 4500
005 - DATE AND TIME OF LATEST TRANSACTION
control field 20250509023055.0
008 - FIXED-LENGTH DATA ELEMENTS--GENERAL INFORMATION
fixed length control field 240331s9999 xx 000 0 und d
020 ## - INTERNATIONAL STANDARD BOOK NUMBER
ISBN 9552101433
082 ## - DDC Classification
Class No. 100
Item Number - Author Mark KAL
100 ## - MAIN ENTRY--PERSONAL NAME
Personal name Kalansuriya, A.D.P
245 #0 - TITLE STATEMENT
Title Darshanaya handinweemak
260 ## - PUBLICATION, DISTRIBUTION, ETC.
Place of publication, distribution, etc. Colombo
Name of publisher, distributor, etc. M. D . Gunasena Books
Date of publication, distribution, etc. 1987
300 ## - PHYSICAL DESCRIPTION
Extent (e.g. Volumes, Pages etc.) 114 p .,
500 ## - GENERAL NOTE
General note Philosophy Details and Introductions
942 ## - Koha item type (Biblio)
Koha item type Books in Stacks (Lending)
Holdings
Lost status Damaged status Collection code Home library Current library Shelving location Date acquired Full call number Accession Number Item type
    Lending WERC Library WERC Library Social Science Cupboard 03/31/2024 100 KAL 3481 Books in Stacks (Lending)

© WERC Library